| 000 | 00695nam a2200253Ia 4500 | ||
|---|---|---|---|
| 008 | 170203s9999 xx 000 0 und d | ||
| 020 | _a9780746077269 | ||
| 050 | _aFic | ||
| 050 | _bC877s | ||
| 100 | _aCox, Phil Roxbee, | ||
| 245 | _aSam sheep can't sleep / | ||
| 245 | _cPhil Roxbee Cox ; illustrated by Stephen Cartwright ; edited by Jenny Tyler. | ||
| 260 | _aLondon : | ||
| 260 | _bUsborne Publishing, | ||
| 260 | _c2006 | ||
| 300 | _a16 pages : | ||
| 300 | _bcolor illustrations ; | ||
| 300 | _c21 cm. | ||
| 440 | _aUsborne phonics readers. | ||
| 650 | _aReaders (Elementary) | ||
| 650 | _aSheep -- | ||
| 650 | _aStories in rhyme. | ||
| 650 | _xJuvenile fiction. | ||
| 999 |
_c306379 _d306379 |
||